Statistiques concernant 10 premiers pays producteurs d'uranium

Cliquez ici pour prendre le quiz!

Statistiques générales

  • Ce quiz a été pris 187 fois
  • Le résultat moyen est 6 sur 10

Statistiques - réponses

Tonnes ProductionPays% Correct
1,8428États- Unis
94%
1,5819Chine
93%
3,2476Russie
91%
9,4532Canada
83%
6,5823Australie
72%
4,7354Niger
61%
22,5741Kazakhstan
57%
2,4637Ouzbekistan
40%
4,3985Namibie
21%
1,25310Malawi
3%

Distribution des résultats

Percentile par nombre de réponses

% des personnes avec chaque résultat

Votre développement - résultats

Vous n’avez pas pris ce quiz